| 000 | 00448nam a22001457a 4500 | ||
|---|---|---|---|
| 020 | _a9788177588781 | ||
| 082 |
_a004.6 _bKUR |
||
| 100 | _aKurose, James F. & Ross, Keith W. | ||
| 245 |
_aComputer Networking: _ba top down approach featuring the internet / _cJames F. Kurose & Keith W. Ross |
||
| 250 | _a3rd edition. | ||
| 260 |
_aNew Delhi : _bPearson Education, _c2009. |
||
| 300 |
_a813p. ; _c24 cm. |
||
| 563 | _aPBK. | ||
| 942 |
_2ddc _cBK |
||
| 999 |
_c589142 _d589142 |
||